|
|
|
|
| LEADER |
01094nam a2200253 a 4500 |
| 001 |
853286 |
| 008 |
091107s1977 rur b 000 0 eng d |
| 010 |
|
|
|a \\\78311555
|
| 040 |
|
|
|a DLC
|c DLC
|d DLC
|
| 082 |
0 |
0 |
|a 335.43
|2 18
|
| 240 |
0 |
0 |
|a Politicheskai͡a︡ ėkonomii͡a︡. English
|
| 245 |
0 |
0 |
|a Political economy /
|c under the general editorship of G.A. Kozlov ; [translated from the Russian by Yuri Shirokov ; translation edited by H.C. Creighton].
|
| 260 |
|
|
|a Moscow :
|b Progress,
|c c1977
|
| 300 |
|
|
|a 491 ;
|c 21 cm.
|
| 500 |
|
|
|a Translation of rev. ed. of Politicheskai͡a︡ ėkonomii͡a︡.
|
| 504 |
|
|
|a Includes bibliographical references.
|
| 541 |
1 |
|
|e 00011027
|
| 505 |
1 |
|
|a --[2] Socialism.
|
| 650 |
|
0 |
|a Marxian economics.
|
| 650 |
|
0 |
|a Economic history
|y 20th century.
|
| 700 |
1 |
|
|a Kozlov, Genrikh Abramovich.
|
| 852 |
4 |
|
|a Ayesha Abed Library
|j General shelf
|
| 999 |
|
|
|c 5151
|d 5151
|
| 952 |
|
|
|0 0
|1 0
|2 ddc
|4 0
|6 335_430000000000000_POL_1977
|7 0
|9 5004
|a BRACUL
|b BRACUL
|c GEN
|d 2009-11-07
|g 0.00
|l 0
|o 335.43 POL
|p 3010011027
|r 2009-11-07
|t 1
|w 2009-11-07
|y BK
|x No price found in the accession register.
|